| Tag |
First Indicator |
Second Indicator |
Subfields |
| LEADER |
00000cam a2200000 a 4500 |
| 001 |
in00000842359 |
| 005 |
20151019054400.0 |
| 008 |
840401s1984 dcua b f00000 eng d |
| 010 |
|
|
|a gp 84012922
|
| 035 |
|
|
|a (OCoLC)10591678
|
| 035 |
|
|
|9 AEA7270AM
|
| 040 |
|
|
|a GPO
|c GPO
|d UtOrBLW
|
| 043 |
|
|
|a n-us---
|
| 074 |
|
|
|a 582
|
| 086 |
0 |
|
|a HH 1.2:P 38
|
| 088 |
|
|
|a HUD-UI-767
|
| 245 |
0 |
0 |
|a Pensions and mortgages :
|b housing investment opportunities for the 80's.
|
| 264 |
|
1 |
|a [Washington, D.C.?] :
|b U.S. Dept. of Housing and Urban Development,
|c 1984.
|
| 300 |
|
|
|a 211 pages :
|b illustrations ;
|c 28 cm.
|
| 336 |
|
|
|a text
|b txt
|2 rdacontent
|
| 337 |
|
|
|a unmediated
|b n
|2 rdamedia
|
| 338 |
|
|
|a volume
|b nc
|2 rdacarrier
|
| 500 |
|
|
|a "March 1984"--P. [4] of cover.
|
| 500 |
|
|
|a "HUD-UI-767"--P. [4] of cover.
|
| 610 |
2 |
0 |
|a Government National Mortgage Association.
|
| 610 |
2 |
0 |
|a Federal National Mortgage Association.
|
| 610 |
2 |
0 |
|a Federal Home Loan Mortgage Corporation.
|
| 650 |
|
0 |
|a Pensions
|z United States.
|
| 650 |
|
0 |
|a Mortgages
|z United States.
|
| 710 |
1 |
|
|a United States.
|b Department of Housing and Urban Development.
|
| 740 |
0 |
|
|a Housing investment opportunities for the 80's.
|
| 999 |
|
|
|a MARS
|
| 999 |
f |
f |
|s 68b14711-be4f-3c8c-9a43-a42a1f8d75ac
|i b129b1af-ca54-3a0f-a3d8-2cb26495d5db
|t 0
|
| 952 |
f |
f |
|p normal
|a Texas A&M University
|b College Station
|c Sterling C. Evans Library
|d Evans: US Documents (Annex 5th floor)
|t 0
|e HH 1.2:P 38
|h Superintendent of Documents classification
|i unmediated -- volume
|m A14838288419
|
| 998 |
f |
f |
|a HH 1.2:P 38
|t 0
|l Evans: US Documents (Annex 5th floor)
|